[Event "DVM U10 2023"]
[Site "Magdeburg GER"]
[Date "2023.12.27"]
[Round "2"]
[White "Glöckner, Jakob"]
[Black "Meyer, Lönne"]
[Result "1-0"]
[Termination "normal"]
[Board "19.2"]
[WhiteElo "865"]
[BlackElo "1057"]
[WhiteClock "00:09:23"]
[BlackClock "00:29:43"]
[WhiteTeam "fuß brothers Jena"]
[BlackTeam "SC Aurich"]
[PlyCount "167"]
[BlackFideId "34674241"]
[EventCountry "GER"]
[EventRounds "7"]
[EventType "team-swiss"]
[EventDate "2023.12.27"]

1. e4 {[%clk 00:55:09]} {[%emt 00:00:01]} c5 {[%clk 00:55:03]} {[%emt
00:00:07]} 2. c4 {[%clk 00:55:04]} {[%emt 00:00:08]} Nc6 {[%clk 00:54:59]}
{[%emt 00:00:10]} 3. Nf3 {[%clk 00:54:46]} {[%emt 00:00:22]} e5 {[%clk
00:54:53]} {[%emt 00:00:11]} 4. d3 {[%clk 00:54:27]} {[%emt 00:00:23]} Nf6
{[%clk 00:54:24]} {[%emt 00:00:36]} 5. Nc3 {[%clk 00:54:26]} {[%emt 00:00:07]}
d6 {[%clk 00:53:34]} {[%emt 00:00:54]} 6. Bg5 {[%clk 00:54:09]} {[%emt
00:00:21]} h6 {[%clk 00:53:03]} {[%emt 00:00:37]} 7. Bh4 {[%clk 00:54:07]}
{[%emt 00:00:07]} Be6 {[%clk 00:52:57]} {[%emt 00:00:10]} 8. Qa4 {[%clk
00:52:09]} {[%emt 00:02:01]} Be7 {[%clk 00:51:56]} {[%emt 00:01:09]} 9. Nd5
{[%clk 00:51:54]} {[%emt 00:00:21]} O-O {[%clk 00:51:38]} {[%emt 00:00:24]} 10.
Nxe7+ {[%clk 00:50:57]} {[%emt 00:01:00]} Qxe7 {[%clk 00:51:33]} {[%emt
00:00:11]} 11. Be2 {[%clk 00:48:55]} {[%emt 00:01:59]} Bd7 {[%emt 00:01:31]}
12. Qb3 {[%clk 00:48:04]} {[%emt 00:00:04]} b6 {[%clk 00:50:56]} {[%emt
00:00:16]} 13. Qd1 {[%clk 00:47:15]} {[%emt 00:00:51]} Qe6 {[%clk 00:50:35]}
{[%emt 00:00:28]} 14. h3 {[%clk 00:44:57]} {[%emt 00:02:24]} Ne7 {[%clk
00:49:42]} {[%emt 00:00:59]} 15. O-O {[%clk 00:44:26]} {[%emt 00:00:36]} Ng6
{[%clk 00:49:28]} {[%emt 00:00:18]} 16. Bg3 {[%clk 00:43:46]} {[%emt 00:00:36]}
Nf4 {[%clk 00:49:19]} {[%emt 00:00:24]} 17. Bh4 {[%clk 00:41:51]} {[%emt
00:01:13]} a6 {[%clk 00:48:38]} {[%emt 00:01:34]} 18. Nh2 {[%clk 00:38:46]}
{[%emt 00:03:00]} Nxe2+ {[%clk 00:46:29]} {[%emt 00:02:22]} 19. Qxe2 {[%emt
00:00:56]} b5 {[%emt 00:00:46]} 20. Qf3 {[%clk 00:36:33]} {[%emt 00:00:32]} Ne8
{[%clk 00:45:59]} {[%emt 00:00:40]} 21. Ng4 {[%clk 00:35:36]} {[%emt 00:00:55]}
bxc4 {[%clk 00:45:49]} {[%emt 00:00:23]} 22. Qg3 {[%clk 00:33:04]} {[%emt
00:02:01]} Nc7 {[%clk 00:45:44]} {[%emt 00:00:45]} 23. dxc4 {[%emt 00:00:33]}
Kh7 {[%emt 00:00:21]} 24. f4 {[%clk 00:31:35]} {[%emt 00:00:38]} Ne8 {[%clk
00:44:57]} {[%emt 00:00:54]} 25. f5 {[%clk 00:31:05]} {[%emt 00:00:31]} Qxc4
{[%clk 00:44:46]} {[%emt 00:00:20]} 26. f6 {[%clk 00:30:06]} {[%emt 00:00:15]}
Bxg4 {[%clk 00:44:36]} {[%emt 00:01:05]} 27. Qxg4 {[%emt 00:00:35]} g6 {[%emt
00:00:26]} 28. Rad1 {[%clk 00:26:21]} {[%emt 00:02:45]} Rd8 {[%clk 00:44:03]}
{[%emt 00:00:41]} 29. Rf2 {[%clk 00:25:11]} {[%emt 00:01:13]} Qa4 {[%clk
00:43:24]} {[%emt 00:00:43]} 30. Rdf1 {[%clk 00:24:49]} {[%emt 00:00:25]} Qd4
{[%clk 00:43:14]} {[%emt 00:00:17]} 31. Kh1 {[%clk 00:24:10]} {[%emt 00:00:47]}
d5 {[%clk 00:42:59]} {[%emt 00:00:17]} 32. Re1 {[%clk 00:22:49]} {[%emt
00:01:25]} dxe4 {[%clk 00:42:37]} {[%emt 00:00:31]} 33. Rxe4 {[%clk 00:22:27]}
{[%emt 00:00:21]} Qd1+ {[%clk 00:42:33]} {[%emt 00:00:13]} 34. Kh2 {[%clk
00:21:34]} {[%emt 00:00:59]} Qxg4 {[%clk 00:42:03]} {[%emt 00:00:36]} 35. hxg4
{[%clk 00:21:29]} {[%emt 00:00:09]} g5 {[%clk 00:41:57]} {[%emt 00:00:12]} 36.
Bg3 {[%clk 00:21:10]} {[%emt 00:00:18]} Kg6 {[%clk 00:41:30]} {[%emt 00:00:38]}
37. Bxe5 {[%clk 00:20:57]} {[%emt 00:00:09]} Rd5 {[%clk 00:40:57]} {[%emt
00:00:46]} 38. b3 {[%clk 00:19:55]} {[%emt 00:00:59]} a5 {[%clk 00:40:35]}
{[%emt 00:00:37]} 39. Rf5 {[%clk 00:18:57]} {[%emt 00:01:02]} Nd6 {[%clk
00:39:56]} {[%emt 00:00:43]} 40. Bxd6 {[%clk 00:18:43]} {[%emt 00:00:20]} Rxd6
{[%clk 00:39:50]} {[%emt 00:00:11]} 41. Rxc5 {[%emt 00:00:17]} Rxf6 {[%emt
00:00:10]} 42. Rxa5 {[%clk 00:17:54]} {[%emt 00:00:25]} Rf2 {[%clk 00:39:40]}
{[%emt 00:00:17]} 43. a4 {[%clk 00:17:40]} {[%emt 00:00:19]} Rd8 {[%clk
00:39:39]} {[%emt 00:00:07]} 44. Kg1 {[%clk 00:17:32]} {[%emt 00:00:13]} Rdd2
{[%clk 00:39:34]} {[%emt 00:00:11]} 45. Ra6+ {[%emt 00:00:22]} f6 {[%emt
00:00:07]} 46. Rae6 {[%clk 00:16:12]} {[%emt 00:00:54]} Rxg2+ {[%clk 00:39:18]}
{[%emt 00:00:22]} 47. Kf1 {[%clk 00:15:58]} {[%emt 00:00:17]} Rh2 {[%clk
00:39:05]} {[%emt 00:00:19]} 48. Ke1 {[%clk 00:15:40]} {[%emt 00:00:18]} Ra2
{[%clk 00:39:07]} {[%emt 00:00:09]} 49. Re2 {[%clk 00:15:16]} {[%emt 00:00:25]}
Ra1+ {[%clk 00:38:18]} {[%emt 00:00:58]} 50. Kd2 {[%clk 00:15:14]} {[%emt
00:00:04]} Rh3 {[%clk 00:38:00]} {[%emt 00:00:23]} 51. R2e3 {[%clk 00:14:54]}
{[%emt 00:00:29]} Rh2+ {[%clk 00:37:15]} {[%emt 00:00:51]} 52. Kd3 {[%clk
00:14:37]} {[%emt 00:00:22]} Ra3 {[%clk 00:37:05]} {[%emt 00:00:15]} 53. Kc4
{[%clk 00:14:20]} {[%emt 00:00:14]} Rg2 {[%clk 00:37:03]} {[%emt 00:00:15]} 54.
R3e4 {[%clk 00:14:09]} {[%emt 00:00:12]} Rg3 {[%clk 00:37:00]} {[%emt
00:00:12]} 55. Rb6 {[%clk 00:13:58]} {[%emt 00:00:13]} Ra2 {[%clk 00:36:35]}
{[%emt 00:00:34]} 56. Rd4 {[%clk 00:12:58]} {[%emt 00:00:49]} Rc2+ {[%clk
00:36:36]} {[%emt 00:00:19]} 57. Kb4 {[%clk 00:12:42]} {[%emt 00:00:17]} Rcc3
{[%clk 00:36:21]} {[%emt 00:00:22]} 58. Ka3 {[%clk 00:12:21]} {[%emt 00:00:26]}
Rg1 {[%clk 00:35:31]} {[%emt 00:00:57]} 59. Kb2 {[%clk 00:11:48]} {[%emt
00:00:38]} Rf3 {[%clk 00:35:12]} {[%emt 00:00:23]} 60. a5 {[%clk 00:11:37]}
{[%emt 00:00:18]} Rf2+ {[%clk 00:34:52]} {[%emt 00:00:25]} 61. Kc3 {[%clk
00:11:23]} {[%emt 00:00:18]} Ra1 {[%emt 00:00:17]} 62. a6 {[%emt 00:00:03]}
Rfa2 {[%clk 00:34:36]} {[%emt 00:00:02]} 63. Rdd6 {[%clk 00:11:22]} {[%emt
00:00:04]} Rc1+ {[%emt 00:00:15]} 64. Kb4 {[%emt 00:00:06]} Rf1 {[%emt
00:00:10]} 65. Kb5 {[%emt 00:00:11]} Rb2 {[%emt 00:00:10]} 66. a7 {[%emt
00:00:04]} Rxb3+ {[%emt 00:00:24]} 67. Kc6 {[%emt 00:00:14]} Rc1+ {[%emt
00:00:06]} 68. Kb7 {[%emt 00:00:07]} Rxb6+ {[%emt 00:00:28]} 69. Rxb6 {[%emt
00:00:02]} Ra1 {[%emt 00:00:03]} 70. Ra6 {[%emt 00:00:04]} Re1 {[%emt
00:00:06]} 71. a8=Q {[%emt 00:00:04]} Re7+ {[%emt 00:00:02]} 72. Kc6 {[%emt
00:00:11]} Re6+ {[%emt 00:00:01]} 73. Kd5 {[%emt 00:00:01]} Re5+ {[%emt
00:00:02]} 74. Kd4 {[%clk 00:11:22]} {[%emt 00:00:40]} Re7 {[%clk 00:31:30]}
{[%emt 00:00:57]} 75. Qg8+ {[%clk 00:11:02]} {[%emt 00:00:21]} Rg7 {[%clk
00:31:27]} {[%emt 00:00:14]} 76. Qe8+ {[%clk 00:10:56]} {[%emt 00:00:07]} Kh7
{[%clk 00:31:11]} {[%emt 00:00:25]} 77. Ra8 {[%clk 00:10:42]} {[%emt 00:00:19]}
h5 {[%clk 00:30:35]} {[%emt 00:00:40]} 78. gxh5 {[%clk 00:10:28]} {[%emt
00:00:16]} Kh6 {[%clk 00:30:33]} {[%emt 00:00:11]} 79. Qh8+ {[%emt 00:00:16]}
Rh7 {[%emt 00:00:15]} 80. Qxf6+ {[%emt 00:00:16]} Kxh5 {[%clk 00:30:32]} {[%emt
00:00:02]} 81. Ra1 {[%clk 00:09:45]} {[%emt 00:00:10]} Rd7+ {[%clk 00:30:16]}
{[%emt 00:00:21]} 82. Ke4 {[%clk 00:09:45]} {[%emt 00:00:05]} Rc7 {[%clk
00:29:59]} {[%emt 00:00:21]} 83. Kf3 {[%clk 00:09:34]} {[%emt 00:00:16]} Rd7
{[%clk 00:29:43]} {[%emt 00:00:21]} 84. Rh1# {[%clk 00:09:23]} {[%emt
00:00:08]} 1-0

[Event "DVM U10 2023"]
[Site "Magdeburg GER"]
[Date "2023.12.27"]
[Round "2"]
[White "Wilting, Oskar"]
[Black "Wangemann, Emanuel Njoya"]
[Result "1-0"]
[Termination "normal"]
[Board "19.3"]
[WhiteElo "1161"]
[BlackElo "782"]
[WhiteClock "00:36:51"]
[BlackClock "00:45:46"]
[WhiteTeam "SC Aurich"]
[BlackTeam "fuß brothers Jena"]
[PlyCount "65"]
[WhiteFideId "34640053"]
[EventCountry "GER"]
[EventRounds "7"]
[EventType "team-swiss"]
[EventDate "2023.12.27"]

1. d4 {[%clk 00:55:07]} {[%emt 00:00:02]} d5 {[%clk 00:54:59]} {[%emt
00:00:08]} 2. Nc3 {[%clk 00:55:10]} {[%emt 00:00:05]} Nc6 {[%clk 00:54:57]}
{[%emt 00:00:07]} 3. Bf4 {[%clk 00:55:00]} {[%emt 00:00:13]} Nf6 {[%clk
00:54:49]} {[%emt 00:00:15]} 4. Nb5 {[%clk 00:54:47]} {[%emt 00:00:17]} Rb8
{[%clk 00:54:03]} {[%emt 00:00:48]} 5. Bxc7 {[%clk 00:54:10]} {[%emt 00:00:44]}
Qd7 {[%clk 00:53:52]} {[%emt 00:00:14]} 6. Bxb8 {[%clk 00:53:58]} {[%emt
00:00:20]} a6 {[%clk 00:53:32]} {[%emt 00:00:12]} 7. Nc3 {[%clk 00:53:51]}
{[%emt 00:00:25]} Nxb8 {[%clk 00:53:29]} {[%emt 00:00:09]} 8. e3 {[%clk
00:53:39]} {[%emt 00:00:17]} Qf5 {[%clk 00:53:14]} {[%emt 00:00:11]} 9. Bd3
{[%clk 00:53:28]} {[%emt 00:00:24]} Qe6 {[%clk 00:52:57]} {[%emt 00:00:14]} 10.
f3 {[%clk 00:51:59]} {[%emt 00:01:43]} Qd6 {[%clk 00:52:44]} {[%emt 00:00:15]}
11. Qd2 {[%clk 00:51:09]} {[%emt 00:00:58]} Nc6 {[%clk 00:52:35]} {[%emt
00:00:14]} 12. a3 {[%clk 00:49:47]} {[%emt 00:01:28]} g6 {[%clk 00:52:30]}
{[%emt 00:00:10]} 13. Nge2 {[%clk 00:49:23]} {[%emt 00:00:28]} Bf5 {[%clk
00:52:13]} {[%emt 00:00:22]} 14. g4 {[%clk 00:48:55]} {[%emt 00:00:32]} Bxd3
{[%clk 00:52:08]} {[%emt 00:00:11]} 15. Qxd3 {[%clk 00:48:42]} {[%emt
00:00:17]} Bg7 {[%clk 00:52:00]} {[%emt 00:00:15]} 16. O-O-O {[%clk 00:48:01]}
{[%emt 00:00:45]} O-O {[%clk 00:51:55]} {[%emt 00:00:10]} 17. h4 {[%clk
00:47:53]} {[%emt 00:00:12]} e5 {[%clk 00:51:32]} {[%emt 00:00:29]} 18. h5
{[%clk 00:46:07]} {[%emt 00:01:50]} gxh5 {[%clk 00:51:21]} {[%emt 00:00:14]}
19. gxh5 {[%clk 00:45:53]} {[%emt 00:00:22]} h6 {[%clk 00:51:09]} {[%emt
00:00:17]} 20. f4 {[%clk 00:44:18]} {[%emt 00:01:39]} exf4 {[%clk 00:50:48]}
{[%emt 00:00:25]} 21. Nxf4 {[%clk 00:43:04]} {[%emt 00:01:20]} b5 {[%clk
00:50:34]} {[%emt 00:00:14]} 22. Nfxd5 {[%clk 00:41:52]} {[%emt 00:01:23]} Ng4
{[%clk 00:50:13]} {[%emt 00:00:26]} 23. Rhg1 {[%clk 00:40:46]} {[%emt
00:01:11]} Nf2 {[%clk 00:49:54]} {[%emt 00:00:13]} 24. Qf1 {[%clk 00:40:03]}
{[%emt 00:00:58]} Nxd1 {[%clk 00:49:22]} {[%emt 00:00:36]} 25. Qg2 {[%clk
00:39:49]} {[%emt 00:00:19]} Qg6 {[%clk 00:48:21]} {[%emt 00:01:04]} 26. hxg6
{[%clk 00:39:42]} {[%emt 00:00:15]} Nxc3 {[%clk 00:48:02]} {[%emt 00:00:23]}
27. gxf7+ {[%clk 00:39:06]} {[%emt 00:00:42]} Rxf7 {[%clk 00:47:46]} {[%emt
00:00:20]} 28. Nxc3 {[%clk 00:38:59]} {[%emt 00:00:13]} b4 {[%clk 00:47:14]}
{[%emt 00:00:37]} 29. Qxc6 {[%clk 00:38:41]} {[%emt 00:00:22]} bxc3 {[%clk
00:47:01]} {[%emt 00:00:16]} 30. Qxc3 {[%clk 00:37:48]} {[%emt 00:01:00]} a5
{[%clk 00:46:57]} {[%emt 00:00:09]} 31. d5 {[%clk 00:37:06]} {[%emt 00:00:48]}
a4 {[%emt 00:00:23]} 32. d6 {[%emt 00:00:31]} Kf8 {[%clk 00:45:46]} {[%emt
00:00:16]} 33. Qc8# {[%clk 00:36:51]} {[%emt 00:00:21]} 1-0

[Event "DVM U10 2023"]
[Site "Magdeburg GER"]
[Date "2023.12.27"]
[Round "2"]
[White "Luible, Sebastian"]
[Black "Tu, Tiffany"]
[Result "0-1"]
[Termination "normal"]
[Board "20.1"]
[WhiteElo "1128"]
[BlackElo "1169"]
[WhiteClock "00:38:41"]
[BlackClock "00:19:51"]
[WhiteTeam "SF Tegernheim"]
[BlackTeam "SF 59 Kornwestheim"]
[PlyCount "118"]
[BlackFideId "34628576"]
[EventCountry "GER"]
[EventRounds "7"]
[EventType "team-swiss"]
[EventDate "2023.12.27"]

1. e4 {[%clk 00:55:07]} {[%emt 00:00:03]} e5 {[%clk 00:55:06]} {[%emt
00:00:04]} 2. Nf3 {[%clk 00:55:08]} {[%emt 00:00:05]} Nc6 {[%clk 00:55:09]}
{[%emt 00:00:02]} 3. Bc4 {[%clk 00:55:04]} {[%emt 00:00:08]} Nf6 {[%clk
00:55:08]} {[%emt 00:00:06]} 4. d4 {[%clk 00:55:02]} {[%emt 00:00:07]} exd4
{[%clk 00:54:23]} {[%emt 00:00:49]} 5. e5 {[%clk 00:54:54]} {[%emt 00:00:14]}
d5 {[%clk 00:53:34]} {[%emt 00:00:53]} 6. Bb5 {[%clk 00:54:44]} {[%emt
00:00:17]} Ne4 {[%clk 00:52:53]} {[%emt 00:00:41]} 7. Nxd4 {[%clk 00:54:01]}
{[%emt 00:00:53]} Bd7 {[%clk 00:52:34]} {[%emt 00:00:24]} 8. Nd2 {[%clk
00:53:36]} {[%emt 00:00:31]} Bc5 {[%clk 00:50:00]} {[%emt 00:02:37]} 9. Bxc6
{[%clk 00:53:14]} {[%emt 00:00:28]} bxc6 {[%clk 00:43:24]} {[%emt 00:06:41]}
10. Nxe4 {[%clk 00:52:43]} {[%emt 00:00:36]} dxe4 {[%clk 00:42:57]} {[%emt
00:00:33]} 11. O-O {[%clk 00:52:31]} {[%emt 00:00:16]} O-O {[%clk 00:41:20]}
{[%emt 00:01:41]} 12. Be3 {[%clk 00:52:13]} {[%emt 00:00:21]} Bb6 {[%clk
00:39:44]} {[%emt 00:01:45]} 13. Qe2 {[%clk 00:51:56]} {[%emt 00:00:17]} Re8
{[%clk 00:39:01]} {[%emt 00:00:52]} 14. Rad1 {[%clk 00:51:51]} {[%emt
00:00:11]} Qh4 {[%clk 00:37:09]} {[%emt 00:01:56]} 15. Qd2 {[%clk 00:49:42]}
{[%emt 00:02:15]} Rxe5 {[%clk 00:35:08]} {[%emt 00:02:05]} 16. Bf4 {[%clk
00:49:00]} {[%emt 00:00:48]} Rd5 {[%clk 00:34:36]} {[%emt 00:00:37]} 17. Bg3
{[%clk 00:48:04]} {[%emt 00:01:01]} Qf6 {[%clk 00:34:02]} {[%emt 00:00:38]} 18.
c3 {[%clk 00:47:36]} {[%emt 00:00:34]} c5 {[%clk 00:33:09]} {[%emt 00:00:57]}
19. Qe3 {[%clk 00:46:37]} {[%emt 00:01:01]} cxd4 {[%clk 00:32:49]} {[%emt
00:00:29]} 20. Qxe4 {[%clk 00:46:17]} {[%emt 00:00:24]} Bc6 {[%clk 00:32:06]}
{[%emt 00:00:49]} 21. c4 {[%clk 00:44:40]} {[%emt 00:01:42]} Rc5 {[%clk
00:29:54]} {[%emt 00:02:16]} 22. Qxd4 {[%clk 00:44:26]} {[%emt 00:00:20]} Qxd4
{[%clk 00:29:48]} {[%emt 00:00:11]} 23. Rxd4 {[%clk 00:44:26]} {[%emt
00:00:05]} Ra5 {[%clk 00:29:13]} {[%emt 00:00:41]} 24. Rd3 {[%clk 00:44:00]}
{[%emt 00:00:30]} Rxa2 {[%clk 00:28:56]} {[%emt 00:00:23]} 25. Rfd1 {[%clk
00:43:57]} {[%emt 00:00:08]} h6 {[%clk 00:28:18]} {[%emt 00:00:43]} 26. Be5
{[%clk 00:43:40]} {[%emt 00:00:22]} f6 {[%clk 00:27:41]} {[%emt 00:00:43]} 27.
Bc3 {[%clk 00:43:39]} {[%emt 00:00:05]} Re8 {[%clk 00:27:11]} {[%emt 00:00:35]}
28. Rg3 {[%clk 00:43:30]} {[%emt 00:00:13]} Re2 {[%clk 00:26:35]} {[%emt
00:00:42]} 29. Kf1 {[%clk 00:42:57]} {[%emt 00:00:39]} Rxf2+ {[%clk 00:26:19]}
{[%emt 00:00:20]} 30. Ke1 {[%clk 00:42:43]} {[%emt 00:00:20]} Rxg2 {[%clk
00:25:55]} {[%emt 00:00:29]} 31. Rxg2 {[%clk 00:41:57]} {[%emt 00:00:50]} Bxg2
{[%clk 00:25:44]} {[%emt 00:00:15]} 32. Rd2 {[%clk 00:41:51]} {[%emt 00:00:12]}
Ra1+ {[%clk 00:25:34]} {[%emt 00:00:16]} 33. Ke2 {[%clk 00:41:40]} {[%emt
00:00:15]} Rh1 {[%clk 00:24:56]} {[%emt 00:00:42]} 34. b4 {[%clk 00:41:15]}
{[%emt 00:00:31]} c6 {[%clk 00:23:46]} {[%emt 00:01:13]} 35. c5 {[%clk
00:41:11]} {[%emt 00:00:10]} Bc7 {[%clk 00:23:36]} {[%emt 00:00:16]} 36. Kf2
{[%clk 00:40:51]} {[%emt 00:00:24]} Bd5 {[%clk 00:22:30]} {[%emt 00:01:07]} 37.
b5 {[%clk 00:40:38]} {[%emt 00:00:23]} Rxh2+ {[%clk 00:22:18]} {[%emt
00:00:17]} 38. Ke3 {[%clk 00:40:20]} {[%emt 00:00:22]} Rxd2 {[%clk 00:22:10]}
{[%emt 00:00:13]} 39. Kxd2 {[%clk 00:40:23]} {[%emt 00:00:03]} cxb5 {[%clk
00:22:05]} {[%emt 00:00:10]} 40. Kd3 {[%clk 00:40:15]} {[%emt 00:00:14]} Be5
{[%clk 00:21:45]} {[%emt 00:00:17]} 41. Bd2 {[%clk 00:40:12]} {[%emt 00:00:15]}
Kf7 {[%clk 00:21:35]} {[%emt 00:00:13]} 42. Bb4 {[%clk 00:40:07]} {[%emt
00:00:12]} g5 {[%clk 00:21:24]} {[%emt 00:00:17]} 43. Ke3 {[%clk 00:39:51]}
{[%emt 00:00:21]} g4 {[%clk 00:21:11]} {[%emt 00:00:18]} 44. Kf2 {[%clk
00:39:47]} {[%emt 00:00:09]} g3+ {[%clk 00:21:00]} {[%emt 00:00:16]} 45. Kg1
{[%clk 00:39:45]} {[%emt 00:00:07]} g2 {[%clk 00:20:54]} {[%emt 00:00:11]} 46.
Be1 {[%clk 00:39:34]} {[%emt 00:00:16]} Bd4+ {[%clk 00:20:41]} {[%emt
00:00:18]} 47. Bf2 {[%clk 00:39:30]} {[%emt 00:00:09]} Bxf2+ {[%clk 00:20:42]}
{[%emt 00:00:03]} 48. Kxf2 {[%clk 00:39:31]} {[%emt 00:00:05]} h5 {[%clk
00:20:41]} {[%emt 00:00:07]} 49. Kg1 {[%clk 00:39:28]} {[%emt 00:00:08]} h4
{[%clk 00:20:39]} {[%emt 00:00:06]} 50. Kf2 {[%clk 00:39:22]} {[%emt 00:00:11]}
h3 {[%clk 00:20:40]} {[%emt 00:00:05]} 51. Kg1 {[%clk 00:39:23]} {[%emt
00:00:04]} a5 {[%clk 00:20:24]} {[%emt 00:00:21]} 52. Kh2 {[%clk 00:39:15]}
{[%emt 00:00:11]} a4 {[%clk 00:20:24]} {[%emt 00:00:07]} 53. c6 {[%clk
00:39:13]} {[%emt 00:00:07]} Bxc6 {[%clk 00:20:20]} {[%emt 00:00:09]} 54. Kg1
{[%clk 00:39:13]} {[%emt 00:00:06]} a3 {[%clk 00:20:17]} {[%emt 00:00:07]} 55.
Kh2 {[%clk 00:39:15]} {[%emt 00:00:03]} a2 {[%clk 00:20:19]} {[%emt 00:00:04]}
56. Kg1 {[%clk 00:39:17]} {[%emt 00:00:03]} a1=Q+ {[%clk 00:20:14]} {[%emt
00:00:10]} 57. Kh2 {[%clk 00:38:52]} {[%emt 00:00:29]} g1=Q+ {[%emt 00:00:16]}
58. Kxh3 {[%clk 00:38:45]} {[%emt 00:00:12]} Qc3+ {[%clk 00:19:53]} {[%emt
00:00:15]} 59. Kh4 {[%clk 00:38:41]} {[%emt 00:00:09]} Qg5# {[%clk 00:19:51]}
{[%emt 00:00:08]} 0-1

[Event "DVM U10 2023"]
[Site "Magdeburg GER"]
[Date "2023.12.28"]
[Round "3"]
[White "Müller, Konstantin"]
[Black "Shen, Tingrui"]
[Result "1/2-1/2"]
[Termination "normal"]
[Board "1.1"]
[WhiteElo "1614"]
[BlackElo "1884"]
[WhiteClock "00:05:29"]
[BlackClock "00:00:28"]
[WhiteTeam "SK Münster 32"]
[BlackTeam "TV Tegernsee"]
[PlyCount "96"]
[WhiteFideId "34661778"]
[BlackFideId "34603441"]
[EventCountry "GER"]
[EventRounds "7"]
[EventType "team-swiss"]
[EventDate "2023.12.27"]

1. e4 {[%clk 00:55:08]} {[%emt 00:00:02]} c5 {[%clk 00:54:51]} {[%emt
00:00:19]} 2. c3 {[%clk 00:54:55]} {[%emt 00:00:19]} Nf6 {[%clk 00:54:25]}
{[%emt 00:00:29]} 3. e5 {[%clk 00:54:53]} {[%emt 00:00:07]} Nd5 {[%clk
00:54:16]} {[%emt 00:00:14]} 4. d4 {[%clk 00:54:39]} {[%emt 00:00:19]} cxd4
{[%clk 00:53:59]} {[%emt 00:00:23]} 5. cxd4 {[%clk 00:54:34]} {[%emt 00:00:09]}
d6 {[%clk 00:53:43]} {[%emt 00:00:21]} 6. exd6 {[%clk 00:54:16]} {[%emt
00:00:25]} Qxd6 {[%clk 00:53:31]} {[%emt 00:00:16]} 7. Nc3 {[%clk 00:53:35]}
{[%emt 00:00:46]} Nc6 {[%clk 00:52:57]} {[%emt 00:00:39]} 8. Nf3 {[%clk
00:52:29]} {[%emt 00:01:10]} Bg4 {[%clk 00:50:55]} {[%emt 00:02:07]} 9. Be2
{[%clk 00:51:27]} {[%emt 00:01:08]} e6 {[%clk 00:49:17]} {[%emt 00:01:43]} 10.
h3 {[%clk 00:51:04]} {[%emt 00:00:28]} Bh5 {[%clk 00:48:42]} {[%emt 00:00:39]}
11. O-O {[%clk 00:50:30]} {[%emt 00:00:40]} Be7 {[%clk 00:47:56]} {[%emt
00:00:50]} 12. Be3 {[%clk 00:47:19]} {[%emt 00:03:16]} O-O {[%clk 00:47:06]}
{[%emt 00:00:55]} 13. Qb3 {[%clk 00:46:08]} {[%emt 00:01:18]} a6 {[%clk
00:42:33]} {[%emt 00:04:37]} 14. Nxd5 {[%clk 00:44:22]} {[%emt 00:01:51]} exd5
{[%clk 00:40:43]} {[%emt 00:01:54]} 15. Rac1 {[%clk 00:43:10]} {[%emt
00:01:19]} Qd7 {[%clk 00:29:48]} {[%emt 00:10:59]} 16. Rfd1 {[%clk 00:28:54]}
{[%emt 00:14:21]} Rac8 {[%clk 00:29:01]} {[%emt 00:00:52]} 17. a3 {[%clk
00:23:03]} {[%emt 00:05:56]} Bf6 {[%clk 00:25:01]} {[%emt 00:04:05]} 18. Qd3
{[%clk 00:21:19]} {[%emt 00:01:50]} Bg6 {[%clk 00:18:53]} {[%emt 00:06:12]} 19.
Qd2 {[%clk 00:20:58]} {[%emt 00:00:27]} Rfe8 {[%clk 00:17:09]} {[%emt
00:01:47]} 20. Bd3 {[%clk 00:20:02]} {[%emt 00:01:02]} Be4 {[%clk 00:16:11]}
{[%emt 00:01:02]} 21. Ne5 {[%clk 00:17:54]} {[%emt 00:02:13]} Nxe5 {[%clk
00:09:03]} {[%emt 00:07:13]} 22. dxe5 {[%clk 00:17:32]} {[%emt 00:00:28]} Rxc1
{[%clk 00:07:40]} {[%emt 00:01:28]} 23. Rxc1 {[%clk 00:17:13]} {[%emt
00:00:24]} Rxe5 {[%clk 00:05:19]} {[%emt 00:02:25]} 24. Bxe4 {[%clk 00:13:50]}
{[%emt 00:03:28]} Rxe4 {[%clk 00:05:17]} {[%emt 00:00:08]} 25. f3 {[%clk
00:13:24]} {[%emt 00:00:30]} Re8 {[%clk 00:05:12]} {[%emt 00:00:10]} 26. Bd4
{[%clk 00:11:45]} {[%emt 00:01:45]} Be7 {[%clk 00:03:46]} {[%emt 00:01:31]} 27.
Qc3 {[%clk 00:11:03]} {[%emt 00:00:47]} Bg5 {[%clk 00:03:21]} {[%emt 00:00:30]}
28. Re1 {[%clk 00:10:21]} {[%emt 00:00:48]} Rc8 {[%clk 00:02:44]} {[%emt
00:00:40]} 29. Qd3 {[%clk 00:10:00]} {[%emt 00:00:26]} Bh4 {[%clk 00:02:48]}
{[%emt 00:00:02]} 30. Rd1 {[%clk 00:09:30]} {[%emt 00:00:35]} Qe6 {[%clk
00:02:41]} {[%emt 00:00:12]} 31. Bf2 {[%clk 00:09:05]} {[%emt 00:00:30]} Bxf2+
{[%clk 00:02:18]} {[%emt 00:00:29]} 32. Kxf2 {[%clk 00:09:04]} {[%emt
00:00:05]} Rd8 {[%clk 00:02:20]} {[%emt 00:00:02]} 33. Qd4 {[%clk 00:08:53]}
{[%emt 00:00:17]} Qc6 {[%clk 00:02:14]} {[%emt 00:00:11]} 34. Re1 {[%clk
00:08:21]} {[%emt 00:00:37]} h6 {[%clk 00:02:15]} {[%emt 00:00:03]} 35. Re2
{[%clk 00:08:18]} {[%emt 00:00:09]} Qb5 {[%clk 00:02:13]} {[%emt 00:00:07]} 36.
Rd2 {[%clk 00:08:10]} {[%emt 00:00:14]} Re8 {[%clk 00:01:52]} {[%emt 00:00:25]}
37. Qd3 {[%clk 00:07:40]} {[%emt 00:00:34]} Qc5+ {[%clk 00:01:40]} {[%emt
00:00:17]} 38. Qd4 {[%clk 00:07:42]} {[%emt 00:00:03]} Qc1 {[%clk 00:01:35]}
{[%emt 00:00:10]} 39. Rd1 {[%clk 00:07:29]} {[%emt 00:00:19]} Qc2+ {[%clk
00:01:10]} {[%emt 00:00:29]} 40. Rd2 {[%clk 00:07:24]} {[%emt 00:00:10]} Qb3
{[%clk 00:01:06]} {[%emt 00:00:09]} 41. Qd3 {[%clk 00:07:00]} {[%emt 00:00:30]}
Qa4 {[%clk 00:00:58]} {[%emt 00:00:12]} 42. Qd4 {[%clk 00:06:29]} {[%emt
00:00:36]} Qb5 {[%clk 00:00:52]} {[%emt 00:00:11]} 43. Qd3 {[%clk 00:06:21]}
{[%emt 00:00:13]} Qb6+ {[%clk 00:00:49]} {[%emt 00:00:08]} 44. Qd4 {[%clk
00:06:17]} {[%emt 00:00:09]} Qxd4+ {[%clk 00:00:51]} {[%emt 00:00:02]} 45. Rxd4
{[%clk 00:06:12]} {[%emt 00:00:11]} Rd8 {[%clk 00:00:53]} {[%emt 00:00:03]} 46.
Ke3 {[%clk 00:05:58]} {[%emt 00:00:19]} Re8+ {[%clk 00:00:47]} {[%emt
00:00:11]} 47. Kd2 {[%clk 00:05:55]} {[%emt 00:00:09]} Re5 {[%clk 00:00:38]}
{[%emt 00:00:13]} 48. Rb4 {[%clk 00:05:29]} {[%emt 00:00:31]} Re7 {[%clk
00:00:28]} {[%emt 00:00:15]} 1/2-1/2